000 00498nam a2200145 a 4500
001 000005194
005 20200929151614.0
008 090813s1957 dr 000 0 spa d
040 _aDO-SdBNP
_bspa
_cBNPHU
082 _axxxx
_bG216f
100 1 _aGarcía Bonnelly, Juan U.
_914859
245 1 3 _aLa formación del espíritu agrícola dominicano en la era de Trujillo /
_cJuan U. García Bonnelly.
260 _aCiudad Trujillo, Santo Domingo :
_bimpresora Dominicana,
_c1957.
300 _a30 p. ;
_c22 cm.
999 _c4996
_d4996